Fr. Conceicao Rodrigues College of Engineering

Teach yourself MYSQL in 21days (Record no. 19252)

MARC details
000 -LEADER
fixed length control field 00322nam a2200157Ia 4500
082 ## - DEWEY DECIMAL CLASSIFICATION NUMBER
Classification number 5.72
Item number BUT
100 ## - MAIN ENTRY--PERSONAL NAME
Personal name Butcher/Anthony
250 ## - EDITION STATEMENT
Edition statement 2
245 ## - TITLE STATEMENT
Title Teach yourself MYSQL in 21days
260 ## - PUBLICATION, DISTRIBUTION, ETC.
Name of publisher, distributor, etc. Pearson Education
Date of publication, distribution, etc. 2003
300 ## - PHYSICAL DESCRIPTION
Extent 608
546 ## - LANGUAGE NOTE
Language note ENGLISH
654 ## - SUBJECT ADDED ENTRY--FACETED TOPICAL TERMS
Focus term mysql
942 ## - ADDED ENTRY ELEMENTS (KOHA)
Koha item type BOOK
Holdings
Withdrawn status Lost status Damaged status Not for loan Collection Home library Current library Date acquired Total Checkouts Full call number Barcode Date due Date last seen Date last checked out Price effective from Koha item type
        CRC Fr. Agnel's C.Rodrigues College of Engineering AGNEL TECHNICAL COLLEGE LIBRARY 17/03/2023 1 5.72 BUT 15718 25/01/2026 27/10/2025 27/10/2025 17/03/2023 BOOK